| 000 | 00728nam a22002177a 4500 | ||
|---|---|---|---|
| 005 | 20170713114657.0 | ||
| 010 | _aENG-119166 | ||
| 020 |
_a9788175417588 _c750.00 |
||
| 035 | _aEN-102698 | ||
| 037 | _bDBAD/PUB | ||
| 082 | _a303.482591054 | ||
| 245 |
_aChange in Myanmar : _cedited by Rajiv K. Bhatia, Vijay Sakhuja [and] Vikash Ranjan _bexploring new horizons for cooperation / |
||
| 260 |
_aDelhi _bShipra Publications _c2014 |
||
| 270 |
_aLG-18-19,Pankaj Central Market,I.P.Ext. Patparganj _bDelhi _e110092 |
||
| 300 |
_axx,180p. _c23cm(Hb) |
||
| 500 | _aIncludes index | ||
| 700 | _aBhatia,Rajiv K. | ||
| 700 | _aSakhuja,Vijay | ||
| 700 | _aVikash Ranjan | ||
| 942 |
_2ddc _cEN _h303.482591054 _mCHA |
||
| 999 |
_c142510 _d142510 |
||